000 00716nam a2200193 i 4500
001 73820
003 ES-MaACL
005 20230906171931.0
007 t|
008 040913s1984 fr ||||1| fre d
100 0 _aGómez-Tabanera, José Manuel,
_d1926-2011
_958165
245 1 3 _aLa religiosité de l'homme préhistorique au Paléolithique /
_cJosé M. Gómez-Tabanera ; [traduction, J. Lacombe].
260 _a[S.l.] :
_bSociété Préhistorique de l'Ariège,
_c1984.
300 _a58 p. ;
_c21 cm.
500 _aEs Separata de: Bulletin de la Société Préhistorique de l'Ariège, T. 39, 1984, p. 103-109.
700 1 _aLacombe, J.
_969379
852 _aES-MaACL
_j2138-F-6
_bR.114399
999 _c73820
_d73820